The McGraw-Hill guide to English literature
The bok cové the poets of the preromantic and romantic periods, from William Blake to John Keats, major poets, essayists and novelists of Victorian England, including such figures as Tennyson, Dickens and the Brontes, etc.
Đã lưu trong:
| 主要作者: | |
|---|---|
| 格式: | 圖書 |
| 語言: | Undetermined |
| 出版: |
United States
McGraw-Hill
1985
|
| 主題: | |
| 標簽: |
添加標簽
沒有標簽, 成為第一個標記此記錄!
|
| Thư viện lưu trữ: | Trung tâm Học liệu Trường Đại học Cần Thơ |
|---|
| LEADER | 00790nam a2200193Ia 4500 | ||
|---|---|---|---|
| 001 | CTU_141340 | ||
| 008 | 210402s9999 xx 000 0 und d | ||
| 082 | |a 820.09 | ||
| 082 | |b L421/Vol.2 | ||
| 100 | |a Lawrence, Karen | ||
| 245 | 4 | |a The McGraw-Hill guide to English literature | |
| 245 | 0 | |c Karen Lawrence, Betsy Seifter, Lois Reaner | |
| 260 | |a United States | ||
| 260 | |b McGraw-Hill | ||
| 260 | |c 1985 | ||
| 520 | |a The bok cové the poets of the preromantic and romantic periods, from William Blake to John Keats, major poets, essayists and novelists of Victorian England, including such figures as Tennyson, Dickens and the Brontes, etc. | ||
| 650 | |a English literature,Văn học Anh | ||
| 904 | |i Trọng Hiếu | ||
| 980 | |a Trung tâm Học liệu Trường Đại học Cần Thơ | ||